000 00442pab a2200169 454500
008 180718b2012 xxu||||| |||| 00| 0 eng d
100 _aTuran, Alexander
245 _aThe European debt crisis: New standards in monetary policy
260 _c2012
300 _ap.73-77.
362 _aJul-Dec
650 _aMonetary policy
650 _aDebts
773 _aSouth Asian Journal of Socio-Political Studies
908 _aN
909 _a98776
999 _c98775
_d98775